[Atlas historique ou Nouvelle introduction a l'histoire, a la chronologie & a la geographie ancienne & moderne ... (Record no. 153103)

MARC details
000 -LEADER
campo de control de longitud fija 01244nam a22002653i 4500
001 - NÚMERO DE CONTROL
campo de control 153103
003 - IDENTIFICADOR DE NÚMERO DE CONTROL
campo de control ES-MaACL
005 - FECHA Y HORA DE LA ÚLTIMA TRANSACCIÓN
campo de control 20251110063229.0
008 - DATOS DE LONGITUD FIJA--INFORMACIÓN GENERAL
campo de control de longitud fija 050811s1739 ne a | |||||||| ||fre d
040 ## - FUENTE DE CATALOGACIÓN
Centro catalogador/agencia de origen CAM
Lengua de catalogación spa
Centro/agencia transcriptor CAM
100 1# - ENTRADA PRINCIPAL--NOMBRE DE PERSONA
Nombre de persona Chatelain, Henri,
Fechas asociadas al nombre 1684-1743
9 (RLIN) 154971
245 10 - MENCIÓN DEL TÍTULO
Título [Atlas historique ou Nouvelle introduction a l'histoire, a la chronologie & a la geographie ancienne & moderne ...
Resto del título : tome I /
Mención de responsabilidad, etc. par Mr. C. *** avec des dissertations sur l'Histoire de chaque Etat par Mr. Gueudeville.
250 ## - MENCION DE EDICION
Mención de edición [Nouvelle édition].
260 ## - PUBLICACIÓN, DISTRIBUCIÓN, ETC.
Lugar de publicación, distribución, etc. A Amsterdam :
Nombre del editor, distribuidor, etc. chez Zacharie Châtelain libraire,
Fecha de publicación, distribución, etc. 1739.
300 ## - DESCRIPCIÓN FÍSICA
Extensión 1 v. (pag. var.) ;
Dimensiones Fol. (46 cm)
594 ## - Nota al título y mención de responsabilidad
Nota al título y mención de responsabilidad Tit. tomado de t.II y pie de imp. del front.
597 ## - NOTA DE DESCRIPCIÓN FÍSICA
NOTA DE DESCRIPCIÓN FÍSICA Front. grab. calc.: "B. Picart inv. et fecit 1720"
597 ## - NOTA DE DESCRIPCIÓN FÍSICA
NOTA DE DESCRIPCIÓN FÍSICA Antep.
599 ## - NOTA A LAS ILUSTRACIONES
NOTA A LAS ILUSTRACIONES Consta de 45 h. de grab. calc. dobles y pleg.
650 #7 - PUNTO DE ACCESO ADICIONAL DE MATERIA--TÉRMINO DE MATERIA
Término de materia o nombre geográfico como elemento de entrada Geografía
Fuente del encabezamiento o término embne
9 (RLIN) 13070
700 1# - ENTRADA AGREGADA--NOMBRE PERSONAL
Nombre de persona Gueudeville, Nicolas,
Fechas asociadas al nombre 1652-1721?
9 (RLIN) 127608
852 ## - LOCALIZACIÓN
Ubicación ES-MaACL
Número de control de estantería R-1505
Nota libre -- Enc. piel grab. con hierros
condición física -- Falto de la port. y de las h. de grab. 2, 3, y 26
Nota libre -- Las h. de grab. nº 3 y 26 están enc. al final del t.VII
Encuadernación Olim: G-3976-82
942 ## - ELEMENTOS DE ENTRADA SECUNDARIOS (KOHA)
Fuente del sistema de clasificación o colocación Clasificación decimal universal
Holdings
Estatus retirado Estado de pérdida Estado de daño No para préstamo Colección Biblioteca de origen Biblioteca actual Ubicación en estantería Fecha de adquisición Fuente de adquisición Total de préstamos Signatura topográfica completa Código de barras Visto por última vez Precio de reemplazo Tipo de ítem Koha
        Libros del s. XVIII Biblioteca del Ateneo de Madrid Biblioteca del Ateneo de Madrid Depósito 17/01/2008     R-1505 1159961 23/02/2023 23/02/2023 Libro impreso antiguo